000 00528nam a2200181Ia 4500
999 _c36861
_d36861
003 OSt
005 20210123105529.0
008 190216s9999||||xx |||||||||||||| ||und||
020 _a9798188237295
040 _coclc
082 _a570
_bSAL/M
100 _aSaluja, Daman
_98397
245 0 _aMedical Entrance Examinations:
_bBiology /
_cDaman Saluja
260 _bI.K.International Publishing,
_aNew Delhi:
_c2006.
300 _a463p
650 _aReferences
942 _cREF
_2ddc
_h570
_iSAL/M
_k570
_mSAL/M